000 00584nam a2200229Ia 4500
003 OSt
005 20221005120718.0
006 a|||||r|||| 00| 0
007 ta
008 221004b |||||||| |||| 00| 0 ben d
024 _a59622
037 _cTextual
040 _aCRL
_cCRL
_bben
041 _2ben
_aben
082 _aO157,2NSI,2, 33L3
100 _aKaranth B. V. Tr.
_9629555
245 0 _aEvam indrajit
260 _c1973
650 _aBENGALI LITERATURE
942 _hO157,2NSI,2, 33L3
_cTEXL
_2cc
999 _c1038909
_d1038909